<?xml version="1.0" encoding="UTF-8"?><?xml-stylesheet type="text/xsl" href="static/style.xsl"?><OAI-PMH xmlns="http://www.openarchives.org/OAI/2.0/" xmlns:xsi="http://www.w3.org/2001/XMLSchema-instance" xsi:schemaLocation="http://www.openarchives.org/OAI/2.0/ http://www.openarchives.org/OAI/2.0/OAI-PMH.xsd"><responseDate>2026-06-01T14:49:15Z</responseDate><request verb="GetRecord" identifier="oai:riuma.uma.es:10630/25461" metadataPrefix="marc">https://riuma.uma.es/rest/oai/request</request><GetRecord><record><header><identifier>oai:riuma.uma.es:10630/25461</identifier><datestamp>2026-02-03T12:22:43Z</datestamp><setSpec>com_10630_2254</setSpec><setSpec>col_10630_37959</setSpec></header><metadata><record xmlns="http://www.loc.gov/MARC21/slim" xmlns:dcterms="http://purl.org/dc/terms/" xmlns:doc="http://www.lyncode.com/xoai" xmlns:xsi="http://www.w3.org/2001/XMLSchema-instance" xsi:schemaLocation="http://www.loc.gov/MARC21/slim http://www.loc.gov/standards/marcxml/schema/MARC21slim.xsd">
   <leader>00925njm 22002777a 4500</leader>
   <datafield ind2=" " ind1=" " tag="042">
      <subfield code="a">dc</subfield>
   </datafield>
   <datafield ind2=" " ind1=" " tag="720">
      <subfield code="a">Sierra-Nieto, José Eduardo</subfield>
      <subfield code="e">author</subfield>
   </datafield>
   <datafield ind2=" " ind1=" " tag="720">
      <subfield code="a">Vila-Merino, Eduardo Salvador</subfield>
      <subfield code="e">author</subfield>
   </datafield>
   <datafield ind2=" " ind1=" " tag="720">
      <subfield code="a">Ruiz-Román, Cristóbal</subfield>
      <subfield code="e">author</subfield>
   </datafield>
   <datafield ind2=" " ind1=" " tag="260">
      <subfield code="c">2022-11</subfield>
   </datafield>
   <datafield ind2=" " ind1=" " tag="520">
      <subfield code="a">La teoría de la educación es, como todo tipo de conocimiento educativo, en contexto, contingente pero no relativista moralmente; tiene su razón de ser en sí y está enmarcada en un entorno sociohistórico que le da sentido. Por eso es importante partir de dos consideraciones epistemológicas en nuestras reflexiones pedagógicas: (i) que no hay ciencia sin abstracción y (ii) que sin lo que podemos llamar ciencia básica no hay aplicación posible. Partir de aquí significa dotar de valor en sí mismo al conocimiento teórico, puesto que no necesita ser útil en términos mercantiles para demostrar su aportación social y educativa. El conocimiento teórico constituye el pegamento de la acción educativa, el sustrato sobre el que crece, la dialéctica desde la que se construye (Vila y Sierra, en prensa).</subfield>
   </datafield>
   <datafield ind1="8" ind2=" " tag="024">
      <subfield code="a">VILA, E., SIERRA, J. E, Y RUIZ, C. (2022). Pensar en la educación desde la teoría en un mundo hiperconectado. Adenda presentada en el XL Seminario Interuniversitario de Teoría de la Educación. Salamanca.</subfield>
   </datafield>
   <datafield ind1="8" ind2=" " tag="024">
      <subfield code="a">https://hdl.handle.net/10630/25461</subfield>
   </datafield>
   <datafield tag="653" ind2=" " ind1=" ">
      <subfield code="a">Pedagogía</subfield>
   </datafield>
   <datafield ind2="0" ind1="0" tag="245">
      <subfield code="a">Pensar en la educación desde la teoría en un mundo hiperconectado</subfield>
   </datafield>
</record>
</metadata></record></GetRecord></OAI-PMH>